000 00553nam a2200193Ia 4500
003 OSt
005 20240614102725.0
008 210210b1970 xxu||||| |||| 00| 0 eng d
040 _aAL
_c
041 _aKannada
082 _aK894.3 ARYB
100 _aARYAMBA PATTABHI.
_927610
_d ಆರ್ಯಂಬಾ ಪಟ್ಟಾಭಿ
245 _aBadukina bavaneyalli ಬದುಕಿನ ಬವಣೆಯಲ್ಲಿ
260 _aBengaluru
_bPrakasha Sahitya
_c1970
300 _a175
690 _aKannada Fiction
_927611
906 _a029764
942 _2ddc
_cBK
999 _c80967
_d80967